Normal view
MARC view
- Kundu Ashok Kumar
Entry Personal Name
001 - CONTROL NUMBER
- control field: 81782
003 - CONTROL NUMBER IDENTIFIER
- control field: OSt
005 - DATE AND TIME OF LATEST TRANSACTION
- control field: 20220806114516.0
008 - FIXED-LENGTH DATA ELEMENTS
- fixed length control field: 220806|| aca||aabn | a|a d
040 ## - CATALOGING SOURCE
- Original cataloging agency: OSt
- Transcribing agency: OSt
100 ## - HEADING--PERSONAL NAME
- Personal name: Kundu Ashok Kumar
670 ## - SOURCE DATA FOUND
- Source citation: Work cat.: (OSt)45135: Kundu Ashok Kumar, Ted Hughes : Creating new Horizons, 2013